| 000 | 00633nam a22001937a 4500 | ||
|---|---|---|---|
| 005 | 20251108165357.0 | ||
| 008 | 250721s1981 xx 000 0 ara d | ||
| 082 | 1 | 4 | _aم/016.091/عسل |
| 100 | 1 | _aالعسلي، كامل جميل | |
| 245 | 1 | 0 |
_aمخطوطات فضائل بيت المقدس : _bدراسة و بيبلوغرافيا / |
| 264 | 1 |
_aعمان : _bمجمع الغة العربية الاردني، _c1981. |
|
| 300 | _a142ص | ||
| 650 | 1 | 7 | _aالمخطوطات العربية |
| 650 | 1 | 7 | _aالفهارس |
| 650 | 1 | 7 | _aالقدس |
| 650 | 1 | 7 | _aالببليوغرافيات |
| 942 |
_2ddc _cREF |
||
| 999 |
_c26438 _d26438 |
||